000 00569nam a22002297a 4500
003 UA-OsUOA
001 63256
007 ta
008 20090921b un ||||| |||| 00| 0 ukr d
100 _aГладков Ф.
090 _a821.161.1
_bГ52
942 _cBK
040 _aUA-OsUOA
_brus
_cUA-OsUOA
_dUA-OsUOA
245 _aПовесть о детстве
300 _a463 с.
955 _a2
041 _arus
080 _a821.161.1
260 _aМ.
_c1950
650 7 _a82 Література. Літературознавство
_2UDC
999 _c349344
_d349344